| 000 | 00707nam a2200217Ia 4500 | ||
|---|---|---|---|
| 005 | 20260429112023.0 | ||
| 008 | 260429s9999||||xx |||||||||||||| ||und|| | ||
| 020 | _a9781032140285 | ||
| 041 | _aEnglish | ||
| 082 |
_a371.39 _bDOL |
||
| 100 | _aDolan, Anne M. | ||
| 245 | 0 |
_aTeaching the sustainable development goals to young citizens (10-16 years) : _ba focus on teaching hope, respect, empathy and advocacy in schools / _cAnne M. Dolan |
|
| 250 | _a1st ed. | ||
| 260 |
_aNew York : _bRoutledge, _c2024. |
||
| 300 | _axxviii, 491 p.; pbk | ||
| 650 | _a Citizenship education | ||
| 650 | _a School education | ||
| 650 | _a Social studies | ||
| 650 | _aSustainable development goals | ||
| 942 | _cTB | ||
| 999 |
_c51925 _d51925 |
||